[Event "ZI-2014-0-01856"]
[Site "LSS email"]
[Date "2014.08.23"]
[Round "?"]
[White "Lattouf, Sigfrido"]
[Black "Narkun, Malgorzata"]
[Result "0-1"]
[WhiteElo "2091"]
[BlackElo "1712"]
[PlyCount "136"]
[EventDate "2014.08.18"]
[EventType "match (corr)"]
[EventRounds "2"]
[EventCountry "GER"]
[SourceTitle "Corr 2022"]
[Source "ChessBase"]
[SourceDate "2021.10.24"]
[SourceVersion "1"]
[SourceVersionDate "2021.10.24"]
[SourceQuality "1"]

1. Na3 d5 2. Nf3 e6 3. e3 Nf6 4. c4 c5 5. Be2 d4 6. d3 Nc6 7. 0-0 e5 8. exd4 cxd4 9. Bg5 Bxa3 10. bxa3 0-0 11. Nd2 h6 12. Bxf6 Qxf6 13. Rb1 b6 14. Ne4 Qe7 15. Qa4 Bb7 16. c5 Nd8 17. f3 Bxe4 18. fxe4 Qxc5 19. Bg4 Ne6 20. Qb3 Qe7 21. Bxe6 fxe6 22. a4 Rxf1+ 23. Rxf1 Rc8 24. h3 Kh7 25. Kh2 Rc3 26. Qb5 Rc5 27. Qb4 Qg5 28. Rf3 Rc2 29. Rg3 Qf6 30. a5 Rxa2 31. axb6 axb6 32. Qxb6 Re2 33. Qc5 h5 34. Qa7 h4 35. Rg4 Re3 36. Qd7 Rg3 37. Qb5 Rxg4 38. hxg4 Qf4+ 39. Kh1 Qg3 40. g5 Qxg5 41. Qb3 Qg4 42. Qb5 Qg3 43. Qe8 Kh6 44. Qh8+ Kg6 45. Qg8 Qf4 46. Qxe6+ Kh5 47. Kg1 Qe3+ 48. Kh1 Qe1+ 49. Kh2 Qg3+ 50. Kh1 Qg5 51. Qf7+ g6 52. Qf3+ Qg4 53. Qf7 Qd1+ 54. Kh2 Qxd3 55. Qh7+ Kg5 56. Qe7+ Kg4 57. Qe6+ Kf4 58. Qf6+ Ke3 59. Qxe5 Ke2 60. Qd5 Qg3+ 61. Kh1 d3 62. Qc4 Qf4 63. Qa6 g5 64. Kg1 g4 65. Qb5 g3 66. Qh5+ Ke1 67. Qf3 Qxf3 68. gxf3 h3 0-1

[Event "ZI-2014-0-01856"]
[Site "LSS email"]
[Date "2014.08.23"]
[Round "?"]
[White "Narkun, Malgorzata"]
[Black "Lattouf, Sigfrido"]
[Result "1-0"]
[WhiteElo "1712"]
[BlackElo "2091"]
[PlyCount "107"]
[EventDate "2014.08.18"]
[EventType "match (corr)"]
[EventRounds "2"]
[EventCountry "GER"]
[SourceTitle "Corr 2022"]
[Source "ChessBase"]
[SourceDate "2021.10.24"]
[SourceVersion "1"]
[SourceVersionDate "2021.10.24"]
[SourceQuality "1"]

1. f4 c5 2. Nf3 g6 3. e4 Bg7 4. Be2 e6 5. c3 d5 6. e5 f6 7. d4 Nc6 8. 0-0 Qb6 9. Na3 cxd4 10. cxd4 Bd7 11. Kh1 Nh6 12. Nc2 0-0 13. Bd3 Rac8 14. Bd2 Nf5 15. Rb1 a6 16. b4 Qa7 17. a4 b5 18. g4 fxe5 19. fxe5 Nfxd4 20. Be3 Rxf3 21. Rxf3 Bxe5 22. axb5 axb5 23. Rf2 Bg7 24. Bxb5 e5 25. Bf1 Qb6 26. Bg2 Qb5 27. h3 Rd8 28. Na3 Qb6 29. b5 Na5 30. Bxd5+ Kh8 31. Bg2 Be6 32. Qe1 Bg8 33. Qb4 Rc8 34. Rbf1 Rc5 35. Rf8 Bxf8 36. Rxf8 Kg7 37. Ra8 Nab3 38. Ra6 Qd8 39. Ra7+ Kh8 40. Ra8 Qd6 41. Nc4 Qd7 42. b6 Qb5 43. Bg5 Kg7 44. Qxb5 Rxb5 45. Nd6 Bf7 46. Ra7 Ne6 47. Rxf7+ Kg8 48. Bh6 Nd2 49. b7 Rb1+ 50. Kh2 Nc4 51. Bd5 Rb2+ 52. Kg1 Rb1+ 53. Rf1 Rxf1+ 54. Kxf1 1-0

[Event "RD-2014-0-00106"]
[Site "LSS email"]
[Date "2014.08.14"]
[Round "?"]
[White "Narkun, Malgorzata"]
[Black "Gomez Galan Arense, Joaquin"]
[Result "1-0"]
[WhiteElo "1745"]
[BlackElo "1636"]
[PlyCount "127"]
[EventDate "2014.05.03"]
[EventType "tourn (corr)"]
[EventRounds "6"]
[EventCountry "GER"]
[SourceTitle "Corr 2015"]
[Source "ChessBase"]
[SourceDate "2015.07.17"]
[SourceVersion "1"]
[SourceVersionDate "2015.07.17"]
[SourceQuality "1"]

1. c4 e5 2. Nc3 Nf6 3. a3 Nc6 4. Nf3 d5 5. cxd5 Nxd5 6. e4 Nxc3 7. bxc3 Bc5 8. Bc4 0-0 9. 0-0 Qf6 10. d3 Bg4 11. h3 Bxf3 12. Qxf3 Qxf3 13. gxf3 Rad8 14. Rd1 Rfe8 15. a4 Na5 16. Ba2 Rd6 17. Kf1 Red8 18. Ke2 Kf8 19. Rb1 b6 20. f4 Rf6 21. f5 Be7 22. Rb5 c5 23. Be3 Nc6 24. Bd5 Rfd6 25. f4 f6 26. Bc4 Na5 27. Be6 Nc6 28. Rbb1 Na5 29. h4 h5 30. Rb2 Nc6 31. Rbd2 Na5 32. Rc2 exf4 33. Bxf4 Rc6 34. Rcc1 Bd6 35. Be3 Rc7 36. d4 Nc6 37. Kf3 Re8 38. e5 fxe5 39. dxc5 e4+ 40. Kxe4 Bxc5 41. Bxc5+ bxc5 42. Rd6 Nd8 43. Rcd1 Nf7 44. Rd7 Re7 45. Rxc7 Rxc7 46. Kd5 c4 47. Rb1 Ke7 48. Rg1 Kf8 49. Rg6 Nd8 50. Kd6 Nxe6 51. fxe6 Rb7 52. a5 Rb2 53. e7+ Ke8 54. Rxg7 Rd2+ 55. Kc5 Ra2 56. Kb5 Rh2 57. Kxc4 Rxh4+ 58. Kc5 Rh2 59. Rh7 h4 60. c4 h3 61. Kb5 Rb2+ 62. Ka6 Rc2 63. Kxa7 Rxc4 64. Rxh3 1-0

[Event "RD-2014-0-00106"]
[Site "LSS email"]
[Date "2014.08.13"]
[Round "?"]
[White "Makushev, Igorj"]
[Black "Narkun, Malgorzata"]
[Result "0-1"]
[WhiteElo "1708"]
[BlackElo "1745"]
[PlyCount "32"]
[EventDate "2014.05.03"]
[EventType "tourn (corr)"]
[EventRounds "6"]
[EventCountry "GER"]
[SourceTitle "Corr 2015"]
[Source "ChessBase"]
[SourceDate "2015.07.17"]
[SourceVersion "1"]
[SourceVersionDate "2015.07.17"]
[SourceQuality "1"]

1. e4 e5 2. Nf3 Nc6 3. Bb5 Nf6 4. 0-0 Nxe4 5. d4 Nd6 6. Bxc6 dxc6 7. dxe5 Nf5 8. Qxd8+ Kxd8 9. Nc3 Ke8 10. Rd1 Ne7 11. h3 Ng6 12. Be3 f6 13. exf6 gxf6 14. Ne4 Be7 15. Ng3 Kf7 16. Nd4 h5 0-1

[Event "RD-2014-0-00106"]
[Site "LSS email"]
[Date "2014.08.07"]
[Round "?"]
[White "Narkun, Malgorzata"]
[Black "Lipsits, Sasha"]
[Result "1-0"]
[WhiteElo "1745"]
[BlackElo "1505"]
[PlyCount "73"]
[EventDate "2014.05.03"]
[EventType "tourn (corr)"]
[EventRounds "6"]
[EventCountry "GER"]
[SourceTitle "Corr 2015"]
[Source "ChessBase"]
[SourceDate "2015.07.17"]
[SourceVersion "1"]
[SourceVersionDate "2015.07.17"]
[SourceQuality "1"]

1. b3 e5 2. Bb2 Nc6 3. Nf3 e4 4. Nd4 Nf6 5. e3 Bc5 6. Nxc6 dxc6 7. d4 Be7 8. c4 Qd7 9. Be2 Qf5 10. 0-0 Be6 11. Nd2 0-0 12. Qc2 Qg6 13. f3 exf3 14. Qxg6 fxg6 15. Bxf3 Bb4 16. Rf2 g5 17. Ne4 Nxe4 18. Bxe4 Rxf2 19. Kxf2 Re8 20. h3 Bxc4 21. Bxh7+ Kxh7 22. bxc4 Kg6 23. c5 Bd2 24. Bc1 Ba5 25. Kf3 b5 26. Bb2 Rf8+ 27. Ke2 Kh5 28. a4 b4 29. Rf1 Rxf1 30. Kxf1 g4 31. Ke2 Kg5 32. e4 gxh3 33. gxh3 b3 34. e5 Kf4 35. e6 g5 36. e7 g4 37. e8Q 1-0

[Event "OP-2014-0-03449"]
[Site "LSS email"]
[Date "2014.07.27"]
[Round "?"]
[White "Somogyi, Gabor"]
[Black "Narkun, Malgorzata"]
[Result "0-1"]
[WhiteElo "1858"]
[BlackElo "1779"]
[PlyCount "128"]
[EventDate "2014.07.21"]
[EventType "tourn (corr)"]
[EventRounds "4"]
[EventCountry "GER"]
[SourceTitle "Corr 2015"]
[Source "ChessBase"]
[SourceDate "2015.07.17"]
[SourceVersion "1"]
[SourceVersionDate "2015.07.17"]
[SourceQuality "1"]

1. e4 e5 2. Nf3 Nc6 3. Bb5 Nf6 4. 0-0 Nxe4 5. d4 Nd6 6. Bxc6 dxc6 7. dxe5 Nf5 8. Qxd8+ Kxd8 9. Nc3 Be6 10. b3 h6 11. Bb2 c5 12. Rfd1+ Kc8 13. Nd5 g5 14. a4 a5 15. c4 b6 16. Nf6 Kb7 17. Rd2 Ne7 18. h3 Ng6 19. Rad1 Be7 20. Nd5 g4 21. hxg4 Bxg4 22. Rd3 Rhe8 23. g3 Rad8 24. Nxe7 Rxd3 25. Rxd3 Rxe7 26. Kg2 Kc8 27. Bc1 h5 28. Bf4 Rd7 29. Re3 Bf5 30. Ng5 Kd8 31. Rf3 Bc2 32. Rc3 Nxf4+ 33. gxf4 Bf5 34. Kg3 Ke7 35. Re3 Rd4 36. Nf3 Rd8 37. Kh4 f6 38. exf6+ Kxf6 39. Re2 Bg4 40. Kg3 Rd7 41. Re3 Re7 42. Nd2 Bd1 43. Rd3 Rg7+ 44. Kh2 Bc2 45. Rc3 Bg6 46. Nf3 Bf5 47. Nh4 Rd7 48. Re3 Bc2 49. Rc3 Rd2 50. Kg1 Bd3 51. Ng2 Kf5 52. Ne1 Be2 53. Re3 Kxf4 54. Ng2+ Kg4 55. Rg3+ Kf5 56. Ne3+ Ke4 57. Rg7 Bf3 58. Rxc7 Rb2 59. Re7+ Kd3 60. Rf7 Ke2 61. Re7 Rxb3 62. Re6 Kd2 63. Kh2 Be2 64. Kg3 Rb4 0-1

[Event "SF-2014-0-00242"]
[Site "LSS email"]
[Date "2014.07.22"]
[Round "?"]
[White "Lombardi, Donato"]
[Black "Narkun, Malgorzata"]
[Result "0-1"]
[WhiteElo "750"]
[BlackElo "1745"]
[PlyCount "68"]
[EventDate "2014.06.30"]
[EventType "tourn (corr)"]
[EventRounds "6"]
[EventCountry "GER"]
[SourceTitle "Corr 2015"]
[Source "ChessBase"]
[SourceDate "2015.07.17"]
[SourceVersion "1"]
[SourceVersionDate "2015.07.17"]
[SourceQuality "1"]

1. e4 c5 2. d4 cxd4 3. Qxd4 Nc6 4. Qe3 Nf6 5. Nc3 d5 6. exd5 Nxd5 7. Nxd5 Qxd5 8. Nf3 Bf5 9. c3 e5 10. Be2 f6 11. 0-0 Bc5 12. Qd2 Qf7 13. Bb5 a6 14. Bxc6+ bxc6 15. b4 Be7 16. Re1 0-0 17. Qe2 a5 18. Bd2 axb4 19. cxb4 Rxa2 20. Rxa2 Qxa2 21. Qe3 Rd8 22. h3 Rd3 23. Qe2 g5 24. Bc1 Qxe2 25. Rxe2 Bxb4 26. Bb2 Rd1+ 27. Kh2 Bd3 28. Re3 c5 29. Ng1 c4 30. Nf3 c3 31. Bc1 e4 32. Nd4 Bd6+ 33. g3 Rxc1 34. Nf5 Bc5 0-1

[Event "SF-2014-0-00242"]
[Site "LSS email"]
[Date "2014.07.18"]
[Round "?"]
[White "Jostov, Keylah"]
[Black "Narkun, Malgorzata"]
[Result "0-1"]
[WhiteElo "1195"]
[BlackElo "1745"]
[PlyCount "66"]
[EventDate "2014.06.30"]
[EventType "tourn (corr)"]
[EventRounds "6"]
[EventCountry "GER"]
[SourceTitle "Corr 2015"]
[Source "ChessBase"]
[SourceDate "2015.07.17"]
[SourceVersion "1"]
[SourceVersionDate "2015.07.17"]
[SourceQuality "1"]

1. e4 e6 2. d3 d5 3. Nd2 Nf6 4. Ngf3 Be7 5. g3 c5 6. Bg2 Nc6 7. 0-0 0-0 8. Re1 b6 9. e5 Nd7 10. Nf1 Bb7 11. h4 b5 12. Bf4 a5 13. N1h2 a4 14. Ng5 a3 15. b3 b4 16. Qh5 h6 17. Ng4 hxg5 18. hxg5 Nd4 19. Kh2 g6 20. Qh4 Nf5 21. Nh6+ Nxh6 22. Qxh6 Re8 23. Rh1 Bf8 24. Qh4 Bg7 25. Kg1 Kf8 26. Qh7 Qb6 27. Re1 Red8 28. g4 Rac8 29. Bg3 c4 30. bxc4 dxc4 31. Bxb7 Qxb7 32. f4 cxd3 33. cxd3 Qf3 0-1

[Event "SN-2014-0-00611"]
[Site "LSS email"]
[Date "2014.07.18"]
[Round "?"]
[White "Molina, Vicente Andres"]
[Black "Narkun, Malgorzata"]
[Result "0-1"]
[WhiteElo "815"]
[BlackElo "1745"]
[PlyCount "60"]
[EventDate "2014.06.30"]
[EventType "tourn (corr)"]
[EventRounds "6"]
[EventCountry "GER"]
[SourceTitle "Corr 2015"]
[Source "ChessBase"]
[SourceDate "2015.07.17"]
[SourceVersion "1"]
[SourceVersionDate "2015.07.17"]
[SourceQuality "1"]

1. c4 f5 2. Nc3 Nf6 3. g3 g6 4. Bg2 Bg7 5. d3 e5 6. e4 fxe4 7. dxe4 d6 8. Nge2 Be6 9. b3 Nc6 10. 0-0 Qd7 11. Nd5 0-0 12. f4 Bg4 13. h3 Bxe2 14. Qxe2 Nh5 15. Kh2 exf4 16. gxf4 Bxa1 17. Bf3 Nd4 18. Qg2 Nxf3+ 19. Rxf3 Rae8 20. e5 dxe5 21. f5 e4 22. Rf1 Rxf5 23. Bh6 Be5+ 24. Kg1 Bd4+ 25. Be3 Nf4 26. Qd2 Rg5+ 27. Kf2 Nd3+ 28. Ke2 Qxh3 29. Bxd4 Qh5+ 30. Ke3 Rg3+ 0-1